Gruppeninteressen und Aussenpolitik: die Sowjetunion in der Geschichte Internationaler Beziehungen
Spremljeno u:
| Glavni autor: | |
|---|---|
| Format: | Knjiga |
| Jezik: | njemački |
| Izdano: |
Frankfurt am Main
Musterschmidt Göttingen
1979
|
| Teme: | |
| Oznake: |
Dodaj oznaku
Bez oznaka, Budi prvi tko označuje ovaj zapis!
|
MARC
| LEADER | 00000nam a2200000 a 4500 | ||
|---|---|---|---|
| 001 | UCN9911 | ||
| 003 | CL-VaPUC | ||
| 008 | 011221e19790000GW |||||||||||||||||ger|d | ||
| 082 | 0 | 4 | |a 327.47 |b NOL |2 21 |
| 100 | |a Nolte, Hans-Heinrich |e verfasser |9 466403 | ||
| 245 | 1 | 0 | |a Gruppeninteressen und Aussenpolitik: die Sowjetunion in der Geschichte Internationaler Beziehungen |
| 300 | |a 148 p | ||
| 942 | |c BK | ||
| 945 | |d 20011221 00:00:00 |a crobeson | ||
| 260 | |a Frankfurt am Main |b Musterschmidt Göttingen |c 1979 | ||
| 650 | 0 | |a Relaciones Internacionales |9 255740 | |
| 650 | 0 | |a Política internacional |9 255813 | |
| 651 | 0 | |a Unión Soviética |9 256769 | |
| 583 | |a last modification |c 20011221 00:00:00 |k Rodrigo Vera | ||
| 999 | |c 299007 |d 299005 | ||
| 952 | |0 0 |1 0 |4 0 |6 327_470000000000000_NOL_1979 |7 0 |8 A |9 355128 |a BIBHIS |b BIBHIS |d 2019-11-21 |i 3754316 |o 327.47 NOL 1979 |p 3754316 |r 2025-01-20 |w 2019-11-21 |y BK |k HIS | ||